Ecological development biology: Integrating epigenetics medicine and evolution (Record no. 1208523)

MARC details
000 -LEADER
fixed length control field 01105nam a2200325Ia 4500
003 - CONTROL NUMBER IDENTIFIER
control field OSt
005 - DATE AND TIME OF LATEST TRANSACTION
control field 20221007121154.0
008 - FIXED-LENGTH DATA ELEMENTS--GENERAL INFORMATION
fixed length control field 221006b |||||||| |||| 00| 0 eng d
020 ## - INTERNATIONAL STANDARD BOOK NUMBER
International Standard Book Number 9780878932993 (pbk)
037 ## - SOURCE OF ACQUISITION
Terms of availability Textual
040 ## - CATALOGING SOURCE
Original cataloging agency BDL
Transcribing agency BDL
Language of cataloging eng
041 ## - LANGUAGE CODE
Source of code eng
Language code of text/sound track or separate title eng
100 ## - MAIN ENTRY--PERSONAL NAME
Personal name Gilbert Scott, F
9 (RLIN) 391902
245 #0 - TITLE STATEMENT
Title Ecological development biology: Integrating epigenetics medicine and evolution
Remainder of title Epel David
260 ## - PUBLICATION, DISTRIBUTION, ETC.
Place of publication, distribution, etc. USA
Name of publisher, distributor, etc. Sinauer
Date of publication, distribution, etc. 2009
300 ## - PHYSICAL DESCRIPTION
Extent 480p.
Dimensions cm.
500 ## - GENERAL NOTE
General note Include bibliographical references; Appendix A-421, D-459p; Index 462-480p
650 ## - SUBJECT ADDED ENTRY--TOPICAL TERM
Topical term or geographic name entry element Development biology
9 (RLIN) 710921
650 ## - SUBJECT ADDED ENTRY--TOPICAL TERM
Topical term or geographic name entry element Epegensis
9 (RLIN) 710922
650 ## - SUBJECT ADDED ENTRY--TOPICAL TERM
Topical term or geographic name entry element Evolution biology
9 (RLIN) 427884
650 ## - SUBJECT ADDED ENTRY--TOPICAL TERM
Topical term or geographic name entry element Phenotypic plasticity
9 (RLIN) 710923
650 ## - SUBJECT ADDED ENTRY--TOPICAL TERM
Topical term or geographic name entry element Botany
700 ## - ADDED ENTRY--PERSONAL NAME
Personal name Epel David
9 (RLIN) 463697
942 ## - ADDED ENTRY ELEMENTS (KOHA)
Classification part G:5, P9 CARB
Koha item type Textual
Source of classification or shelving scheme Colon Classification (CC)
Holdings
Withdrawn status Lost status Source of classification or shelving scheme Damaged status Not for loan Home library Current library Date acquired Source of acquisition Total Checkouts Full call number Barcode Date last seen Price effective from Koha item type
    Colon Classification (CC)     Department of Botany Library Department of Botany Library 2022-10-07 516, 04/11/2011, Dhanraj Book House   G:5 P9 CARB BD0005584 2022-10-07 2022-10-07 Textual
Copyright @ Delhi University Library System